00418nam a2200121Ia 4500003000400000005001700004008004100021040001800062041000800080100004800088245011300136260004700249OSt20260120101456.0211028s2014 xx 000 0 und d cAIMIT LIBRARY aeng aM, Anees; Mascarenhas S J, Oswald.g1216006 aStudy on declining market share of tata pickup truck with special reference to arvind motors ltd Mangalore / aMangalorebFr Oswald Mascarenhas S Jc2014